Экспериментальная оценка напряжений в ниппельных соединениях бурильных труб при вращательно-ударном нагружении; Известия Томского политехнического университета [Известия ТПУ]; Т. 317, № 2: Математика и механика. Физика

Bibliographic Details
Parent link:Известия Томского политехнического университета [Известия ТПУ]/ Томский политехнический университет (ТПУ).— , 2000-
Т. 317, № 2: Математика и механика. Физика.— 2010.— [С. 78-83]
Main Author: Саруев А. Л. Алексей Львович
Other Authors: Шадрина А. В. Анастасия Викторовна
Summary:Заглавие с титульного листа
Электронная версия печатной публикации
Представлены результаты экспериментальных исследований динамических процессов в ниппельных соединениях бурильных труб. Установлены закономерности изменения нормальных и касательных напряжений в элементах резьбовых соединений.
Language:Russian
Published: 2010
Series:Математика и механика. Физика
Subjects:
Online Access:http://www.lib.tpu.ru/fulltext/v/Bulletin_TPU/2010/v317/i2/18.pdf
Format: Electronic Book Chapter
KOHA link:https://koha.lib.tpu.ru/cgi-bin/koha/opac-detail.pl?biblionumber=191913

MARC

LEADER 00000nla2a2200000 4500
001 191913
005 20250213121916.0
035 |a (RuTPU)RU\TPU\book\209278 
035 |a RU\TPU\book\209273 
090 |a 191913 
100 |a 20110214d2010 k y0rusy50 ca 
101 0 |a rus 
102 |a RU 
135 |a drnn ---uucaa 
181 0 |a i  
182 0 |a b 
200 1 |a Экспериментальная оценка напряжений в ниппельных соединениях бурильных труб при вращательно-ударном нагружении  |f Л. А. Саруев, А. В. Шадрина, А. Л. Саруев 
203 |a Текст  |c электронный 
215 |a 1 файл (1.5 Мб) 
225 1 |a Математика и механика. Физика 
300 |a Заглавие с титульного листа 
300 |a Электронная версия печатной публикации 
320 |a [Библиогр.: с. 83 (4 назв.)] 
330 |a Представлены результаты экспериментальных исследований динамических процессов в ниппельных соединениях бурильных труб. Установлены закономерности изменения нормальных и касательных напряжений в элементах резьбовых соединений. 
337 |a Adobe Reader 
461 1 |0 (RuTPU)RU\TPU\book\176237  |t Известия Томского политехнического университета [Известия ТПУ]  |f Томский политехнический университет (ТПУ)  |d 2000- 
463 1 |0 (RuTPU)RU\TPU\book\205139  |x 1684-8519  |t Т. 317, № 2: Математика и механика. Физика  |v [С. 78-83]  |d 2010 
610 1 |a ниппельные соединения 
610 1 |a силовые импульсы 
610 1 |a динамические нагрузки 
610 1 |a экспериментальные исследования 
610 1 |a нормальные напряжения 
610 1 |a касательные напряжения 
610 1 |a труды учёных ТПУ 
610 1 |a электронный ресурс 
700 1 |a Саруев  |b А. Л.  |c специалист в области нефтегазового дела  |c доцент Томского политехнического университета, кандидат технических наук  |f 1974-  |g Алексей Львович  |3 (RuTPU)RU\TPU\pers\19862  |9 11975 
701 1 |a Шадрина  |b А. В.  |c специалист в области нефтегазового дела  |c профессор Томского политехнического университета, доктор технических наук  |f 1980-  |g Анастасия Викторовна  |3 (RuTPU)RU\TPU\pers\26136  |4 070  |9 11965 
701 1 |a Саруев  |b А. Л.  |c специалист в области нефтегазопромыслового оборудования  |c доцент Томского политехнического университета, кандидат технических наук  |f 1974-  |g Алексей Львович  |3 (RuTPU)RU\TPU\pers\26166  |4 070 
801 1 |a RU  |b 63413507  |c 20090623  |g PSBO 
801 2 |a RU  |b 63413507  |c 20211223  |g PSBO 
856 4 |u http://www.lib.tpu.ru/fulltext/v/Bulletin_TPU/2010/v317/i2/18.pdf 
942 |c CF